| 000 | 02207cam a22005057a 4500 | ||
|---|---|---|---|
| 999 |
_c332489 _d332489 |
||
| 001 | 13533252 | ||
| 003 | NUST | ||
| 005 | 20171208144539.0 | ||
| 008 | 040322t20042005enkab be 000 0 eng d | ||
| 010 | _a 2004104447 | ||
| 015 | _aGBA3-W6037 | ||
| 020 | _a0123485304 (set) | ||
| 020 | _a0123485312 (v. 1) | ||
| 020 | _a0123485320 (v. 2) | ||
| 020 | _a0123485339 (v. 3) | ||
| 020 | _a0123485347 (v. 4) | ||
| 035 | _a(OCoLC)ocm52486575 | ||
| 040 |
_aUKM _cUKM _dOHX _dIQU _dMUQ _dBAKER _dDLC |
||
| 042 | _alccopycat | ||
| 050 | 0 | 0 |
_aS596 _b.E53 2004 |
| 082 | 0 | 4 |
_a631.403 DAN _221 |
| 245 | 0 | 0 |
_aEncyclopedia of soils in the environment / _cEditor-in-chief, Daniel Hillel ; editors, Jerry L. Hatfield ... [et al.]. |
| 246 | 3 | 0 | _aSoils in the environment |
| 250 | _a1st ed. | ||
| 260 |
_aOxford, UK ; _aBoston : _bElsevier/Academic Press, _c2005 [i.e. 2004]. |
||
| 300 |
_a4 v. : _bill. (some col.), maps (some col.) ; _c28 cm. |
||
| 500 | _aH.B | ||
| 504 | _aIncludes bibliographical references and index. | ||
| 505 | 0 | _av. 1. A-Fa -- v. 2. Fe-M -- v. 3. N-Spa -- V. 4. Spa-Z. Index. | |
| 650 | 0 |
_aSoils _xEnvironmental aspects _vEncyclopedias. _97084 |
|
| 650 | 0 |
_aSoils _vEncyclopedias. _97085 |
|
| 650 | 0 |
_aSoil science _vEncyclopedias. _97086 |
|
| 650 | 0 |
_aSoil management _vEncyclopedias. _97087 |
|
| 650 | 0 |
_aCrops and soils _vEncyclopedias. _97088 |
|
| 650 | 6 |
_aSols _xAspect de l'environnement _vEncyclopédies. _97089 |
|
| 650 | 6 |
_aSols _vEncyclopédies. _97090 |
|
| 650 | 6 |
_aPédologie _vEncyclopédies. _97091 |
|
| 650 | 6 |
_aSols _xAménagement _vEncyclopédies. _97092 |
|
| 650 | 6 |
_aCultures et sols _vEncyclopédies. _97093 |
|
| 700 | 1 |
_aHillel, Daniel. _97094 |
|
| 700 | 1 |
_aHatfield, Jerry L. _97095 |
|
| 856 | 4 | 2 |
_3Book review (E-STREAMS) _uhttp://www.e-streams.com/es0806_7/es0867_4157.html |
| 856 | 4 | 2 |
_3Publisher description _uhttp://www.loc.gov/catdir/enhancements/fy0619/2004104447-d.html |
| 856 | 4 | 1 |
_3Table of contents only _uhttp://www.loc.gov/catdir/enhancements/fy0619/2004104447-t.html |
| 906 |
_a7 _bcbc _ccopycat _d2 _eepcn _f20 _gy-gencatlg |
||
| 942 |
_2ddc _cENC _kIESE |
||